Geography Quiz

Random Geography or City Quiz

Chinese Cities: Real or Fake? Quiz Stats

Quiz Updated Sep 5, 2015

Challenge
Share
Tweet
Embed
Score 0/20 Timer 05:00
2 Plays Today
% Correct
Beijing
94.6%
Shanghai
93.7%
Xi'an
87.8%
Nanjing
86.2%
Chengdu
80.8%
Hangzhou
77.4%
Wuhan
75.2%
Chongqing
73.4%
Lanzhou
71.2%
Fuzhou
67.9%
% Correct
Tengzhou
62.7%
Wuxi
60.4%
Shijiazhuang
55.7%
Kunming
53.8%
Urumqi
52.6%
Dalian
48.8%
Baoding
46.7%
Jilin
45.9%
Qiqihar
35.9%
Zibo
32.1%

You're not logged in!

Compare scores with friends on all Sporcle quizzes.
Sign Up with Email
OR
Log In

You Might Also Like...

Show Comments

Extras

Top Quizzes Today


Score Distribution

Your Account Isn't Verified!

In order to create a playlist on Sporcle, you need to verify the email address you used during registration. Go to your Sporcle Settings to finish the process.